Técnica literaria
Spremljeno u:
| Glavni autor: | |
|---|---|
| Format: | Knjiga |
| Jezik: | španjolski |
| Izdano: |
Santiago
Nascimento
1942
|
| Izdanje: | 3a. ed |
| Teme: | |
| Oznake: |
Dodaj oznaku
Bez oznaka, Budi prvi tko označuje ovaj zapis!
|
MARC
| LEADER | 00000nam a2200000 a 4500 | ||
|---|---|---|---|
| 001 | UCR9894 | ||
| 003 | CL-VaPUC | ||
| 008 | 980619e19420000CL |||||||||||||||||spa|d | ||
| 082 | 0 | 4 | |a 801.95 |b SOL |2 21 |
| 100 | 0 | |a Solar Correa, Eduardo |e author |9 412897 | |
| 245 | 1 | 0 | |a Técnica literaria |
| 250 | |a 3a. ed | ||
| 300 | |a 148 p | ||
| 942 | |c BK | ||
| 945 | |d 19980619 00:00:00 |a crobeson | ||
| 260 | |a Santiago |b Nascimento |c 1942 | ||
| 650 | 0 | |a Crítica literaria |9 269189 | |
| 650 | 0 | |a Retórica |9 266620 | |
| 650 | 0 | |a Estética literaria |9 314715 | |
| 650 | 7 | |a FORMAS LITERARIAS |2 CL-VaPUC |9 314716 | |
| 583 | |a last modification |c 19980619 00:00:00 |k Rodrigo Vera | ||
| 999 | |c 271069 |d 271067 | ||
| 952 | |0 0 |1 0 |4 0 |6 801_950000000000000_SOL_1942 |7 0 |8 A |9 305566 |a BIBEDU |b BIBEDU |d 2019-11-20 |i 3141977 |l 1 |m 1 |o 801.95 SOL 1942 |p 3141977 |r 2024-11-04 |s 2024-10-21 |w 2019-11-20 |y BK |k LIT | ||